Akcie odporúčame predať Príloha

Finančno-ekonomická analýza Oravských ferozliatinárskych závodov v Istebnom. Základná charakteristika spoločnosti. Štruktúra akcionárov. Investičné zámery. Ekonomicko-finančná pozícia firmy. Základné ekonomické a finančné ukazovatele. Obratovosť. SWOT analýza.

Gespeichert in:
Bibliographische Detailangaben
1. Verfasser: Kukučka, J.
Format: Buchkapitel
Sprache:Slowakisch
Schlagworte:
Tags: Tag hinzufügen
Keine Tags, Fügen Sie das erste Tag hinzu!

MARC

LEADER 00000naa a2200000 4500
001 r026603
005 20251104123457.5
041 0 |a slo 
044 |a SK 
245 1 0 |a Akcie odporúčame predať  |b Príloha  |c J. Kukučka 
520 |a Finančno-ekonomická analýza Oravských ferozliatinárskych závodov v Istebnom. Základná charakteristika spoločnosti. Štruktúra akcionárov. Investičné zámery. Ekonomicko-finančná pozícia firmy. Základné ekonomické a finančné ukazovatele. Obratovosť. SWOT analýza. 
610 2 0 |a analýza finančná 
610 2 0 |a Oravské ferozliatinárske závody, a.s. Istebné 
610 2 0 |a akcionári 
610 2 0 |a investície 
610 2 0 |a ukazovatele finančné 
610 2 0 |a ukazovatele ekonomické 
610 2 0 |a obrat obchodný 
610 2 0 |a analýza swot 
100 1 |a Kukučka, J.